书目信息 |
| 题名: |
电冰柜原理与检修
|
|
| 作者: | 刘忠玉 主编 | |
| 分册: | ||
| 出版信息: | 北京 高等教育出版社 2000.06 |
|
| 页数: | 160页 | |
| 开本: | 16开 | |
| 丛书名: | ||
| 单 册: | ||
| 中图分类: | TB657.4 | |
| 科图分类: | ||
| 主题词: | 制冷--机械 , 制冷--设备 | |
| 电子资源: | ||
| ISBN: | 7-04-008160-1 | |
| 000 | 00590nam0 2200205 45 | |
| 001 | 0106250934 | |
| 005 | 20010625092015.9 | |
| 010 | @a7-04-008160-1@d13.00元 | |
| 100 | @a20010625d2000 km y0chiy0120 ea | |
| 101 | 0 | @achi |
| 105 | @a z 000yy | |
| 200 | 1 | @a电冰柜原理与检修@ADian Bing Gui Yuan Li Yu Jian Xiu@f刘忠玉主编@FLiu Zhong Yu Zhu Bian |
| 210 | @a北京@c高等教育出版社@d2000.06 | |
| 215 | @a160页@d16开 | |
| 606 | 0 | @a制冷@x机械 |
| 606 | 0 | @a制冷@x设备 |
| 690 | @aTB657.4@v3 | |
| 701 | 0 | @a刘忠玉@4主编 |
| 801 | @aCN@bPftUser@c20010625 | |
| 905 | @f3@b350539-541@dTB657.4@eL931 | |
| 电冰柜原理与检修/刘忠玉主编.-北京:高等教育出版社,2000.06 |
| 160页;16开 |
| ISBN 7-04-008160-1:13.00元 |
| ● |
| 相关链接 |
|
|
|
正题名:电冰柜原理与检修
索取号:TB657.4/L931
 
预约/预借
| 序号 | 登录号 | 条形码 | 馆藏地/架位号 | 状态 | 备注 |
| 1 | 350539 | 203505395 | 自科库501/501自科库 18排4列4层/ [索取号:TB657.4/L931] | 在馆 | |
| 2 | 350540 | 203505402 | 期刊室512/501自科库 18排4列3层/ [索取号:TB657.4/L931] | 在馆 | |
| 3 | 350541 | 203505411 | 自科库501/501自科库 18排4列4层/ [索取号:TB657.4/L931] | 在馆 |